Interior design visual presentation : (Record no. 10370)

000 -LEADER
fixed length control field 00851cam a2200265 a 4500
003 - CONTROL NUMBER IDENTIFIER
control field OSt
005 - DATE AND TIME OF LATEST TRANSACTION
control field 20220316134820.0
008 - FIXED-LENGTH DATA ELEMENTS--GENERAL INFORMATION
fixed length control field 110720s2012 njua 001 0 eng
010 ## - LIBRARY OF CONGRESS CONTROL NUMBER
LC control number 2011030356
020 ## - INTERNATIONAL STANDARD BOOK NUMBER
International Standard Book Number 9780470619025 (pbk.)
040 ## - CATALOGING SOURCE
Original cataloging agency DLC
Transcribing agency DLC
Modifying agency DLC
042 ## - AUTHENTICATION CODE
Authentication code pcc
082 00 - DEWEY DECIMAL CLASSIFICATION NUMBER
Classification number 729.028
Edition number 23
Item number MIT
100 1# - MAIN ENTRY--PERSONAL NAME
Personal name Mitton, Maureen.
245 10 - TITLE STATEMENT
Title Interior design visual presentation :
Remainder of title a guide to graphics, models, and presentation techniques /
Statement of responsibility, etc Maureen Mitton.
246 30 - VARYING FORM OF TITLE
Title proper/short title Guide to graphics, models, and presentation techniques
250 ## - EDITION STATEMENT
Edition statement 4th ed.
260 ## - PUBLICATION, DISTRIBUTION, ETC. (IMPRINT)
Place of publication, distribution, etc Hoboken, N.J. :
Name of publisher, distributor, etc John Wiley & Sons,
Date of publication, distribution, etc c2012.
300 ## - PHYSICAL DESCRIPTION
Extent x, 310 p. :
Other physical details ill. (some col.) ;
Dimensions 24 cm.
500 ## - GENERAL NOTE
General note Includes index.
650 #0 - SUBJECT ADDED ENTRY--TOPICAL TERM
Topical term or geographic name as entry element Interior decoration rendering.
650 #0 - SUBJECT ADDED ENTRY--TOPICAL TERM
Topical term or geographic name as entry element Interior decoration
General subdivision Design.
650 #0 - SUBJECT ADDED ENTRY--TOPICAL TERM
Topical term or geographic name as entry element Graphic arts.
942 ## - ADDED ENTRY ELEMENTS (KOHA)
Source of classification or shelving scheme
Holdings
Withdrawn status Lost status Source of classification or shelving scheme Damaged status Koha normalized classification for sorting Not for loan Permanent location Current location Date acquired Source of acquisition Cost, normal purchase price Full call number Barcode Date last seen Cost, replacement price Price effective from Koha item type
        729_028000000000000_MIT   BMS College of Architecture, Design and Planning BMS College of Architecture, Design and Planning 2022-03-16 1 2754.50 729.028 MIT AR-UG2537 2022-03-16 3935.00 2022-03-16 UG Books
Copyright © 2025, The Librarian, Library and Information Centre, BMSCA D&P, Bengaluru. All Rights Reserved
web counter

Powered by Koha